000 00615nam a2200193 a 4500
001 000007120
005 20200929154054.0
008 090904s1966 dr 001 0 spa d
040 _aDO-SdBNP
_bspa
_cBNPHU
082 _a345.04097293
_bB496c
100 1 _aBergés D., Ana Rosa
_919761
245 1 3 _aLa prescripción en materia de responsabilidad civil /
_cAna Rosa Bergés D.
260 _aSanto Domingo :
_bCapeldom,
_c1966.
300 _a62 p. ;
_c21 cm.
490 1 _aDerecho
504 _aBibliografía: p. [58]
650 4 _aDerecho civil
_xLegislación
_zRepública Dominicana
_96943
830 0 _aDerecho
_911855
999 _c6901
_d6901